| 000 | 00781cam a2200229 4500 | ||
|---|---|---|---|
| 001 | ABS62664 | ||
| 008 | 000000n2000 000 0 eng u | ||
| 035 | _a(Sirsi) u107223 | ||
| 100 | _aTutcher, S. | ||
| 245 | _aSo, how does it rate then? | ||
| 260 | _c2000 | ||
| 490 |
_aProperty Week _v65(25) 23 June 2000, 66(1) |
||
| 520 | _aPlans to improve the rating appeals system have resulted in valuation offices producing their own guidelines on rating appeals procedure. Article questions whether this will rid the rating system of long delays. | ||
| 590 | _aABS | ||
| 650 | _aVALUATION OFFICE | ||
| 650 | _aRATING APPEALS | ||
| 650 | _aGUIDELINES | ||
| 650 | _aPROCEDURE | ||
| 650 | _aRATING SURVEYORS ASSOCIATION | ||
| 690 | _aRATING AND LOCAL TAXATION | ||
| 942 | _n0 | ||
| 999 |
_c64102 _d64102 |
||